[Event "I Torneo Villa de Madrid 2009"]
[Site "Madrid ESP"]
[Date "2009.12.13"]
[Round "7.2"]
[White "Suba, Mihai"]
[Black "Sanchez Gonzalez, Sergio"]
[Result "0-1"]
[PlyCount "94"]
[EventDate "2009.12.12"]
[EventType "swiss (rapid)"]
[EventRounds "8"]
[EventCountry "ESP"]
[Source "lmi"]
[SourceDate "2009.12.12"]
[WhiteElo "2471"]
[BlackElo "2322"]

1. Nf3 Nf6 2. d4 e6 3. g3 d5 4. Bg2 c5 5. O-O Nc6 6. c4 dxc4 7. Qa4 Bd7 8. dxc5
Bxc5 9. Qxc4 Be7 10. Nc3 O-O 11. Rd1 Qa5 12. Bg5 Rfd8 13. a3 Rac8 14. Qf4 e5
15. Qh4 h6 16. Bxf6 Bxf6 17. Qe4 Be6 18. b4 Rxd1+ 19. Rxd1 Qxa3 20. Nb5 Qa4 21.
Nc3 Qxb4 22. Qxb4 Nxb4 23. Ne4 b5 24. Ra1 Na2 25. Nxf6+ gxf6 26. Ne1 b4 27. Nd3
a5 28. Be4 a4 29. Nxb4 Nxb4 30. Rxa4 Na2 31. Ra8 Nc3 32. Rxc8+ Bxc8 33. Bd3 e4
34. Bc4 Bg4 35. Kf1 Kf8 36. Ke1 Be6 37. Ba6 Ke7 38. Kd2 Nd5 39. Bb7 f5 40. f3
Kd6 41. fxe4 fxe4 42. e3 Ke5 43. Ba6 Nf6 44. Ke2 Ng4 45. h4 Kf5 46. Bb5 Ne5 47.
Kf2 Bc4 0-1

[Event "I Torneo Villa de Madrid 2009"]
[Site "Madrid ESP"]
[Date "2009.12.13"]
[Round "7.3"]
[White "Almagro Llamas, Pablo"]
[Black "Dolezal, Cristian"]
[Result "1-0"]
[PlyCount "101"]
[EventDate "2009.12.12"]
[EventType "swiss (rapid)"]
[EventRounds "8"]
[EventCountry "ESP"]
[Source "lmi"]
[SourceDate "2009.12.12"]
[WhiteElo "2453"]
[BlackElo "2405"]

1. e4 e5 2. Nf3 Nc6 3. Bb5 a6 4. Ba4 Nf6 5. O-O b5 6. Bb3 Bc5 7. d3 d6 8. c3 h6
9. a4 Ba7 10. Na3 Bd7 11. axb5 axb5 12. Qe2 Bc5 13. Be3 Bxa3 14. bxa3 O-O 15.
a4 Na5 16. Bc2 bxa4 17. Bxa4 Bxa4 18. Rxa4 Nc6 19. Qa2 Rxa4 20. Qxa4 Qd7 21.
Rb1 Nd4 22. Qxd7 Nxf3+ 23. gxf3 Nxd7 24. Rb7 Rc8 25. Kf1 Kf8 26. Ke2 Ke7 27. f4
exf4 28. Bxf4 Nc5 29. Ra7 Kd7 30. Be3 Rb8 31. Bxc5 dxc5 32. Ra1 Rb2+ 33. Ke3
Rc2 34. c4 g6 35. h4 h5 36. Rg1 Kd6 37. Rg5 Rc1 38. Rd5+ Kc6 39. Kf4 Rg1 40. f3
f6 41. e5 g5+ 42. Kf5 g4 43. fxg4 hxg4 44. exf6 g3 45. Kg6 Rf1 46. Rg5 Rf3 47.
h5 Kd6 48. h6 Ke6 49. h7 Rxf6+ 50. Kg7 Rf7+ 51. Kg8 1-0

[Event "I Torneo Villa de Madrid 2009"]
[Site "Madrid ESP"]
[Date "2009.12.13"]
[Round "7.4"]
[White "Roa Alonso, Santiago"]
[Black "Vazquez Igarza, Renier"]
[Result "1-0"]
[PlyCount "75"]
[EventDate "2009.12.12"]
[EventType "swiss (rapid)"]
[EventRounds "8"]
[EventCountry "ESP"]
[Source "lmi"]
[SourceDate "2009.12.12"]
[WhiteElo "2412"]
[BlackElo "2560"]

1. e4 e5 2. Nf3 Nc6 3. Bb5 a6 4. Ba4 Nf6 5. d3 b5 6. Bb3 Bc5 7. O-O d6 8. c3
O-O 9. h3 Bd7 10. Re1 Kh8 11. Nbd2 Ng8 12. Nf1 f5 13. exf5 Bxf5 14. Ng3 Bd7 15.
Ne4 Bb6 16. d4 exd4 17. cxd4 h6 18. Be3 Bf5 19. Ng3 Bh7 20. d5 Bxe3 21. Rxe3
Nce7 22. Nd4 Nf5 23. Ngxf5 Bxf5 24. Rc1 Qh4 25. Qd2 Rf7 26. Rf3 Raf8 27. Nxf5
Rxf5 28. Rxf5 Rxf5 29. Rxc7 Rf8 30. Rc6 Nf6 31. Bc2 Nh5 32. Rxd6 Nf4 33. Qe3
Qg5 34. Qe4 g6 35. Kh2 Nxg2 36. Qd4+ Kh7 37. Rxg6 Qf4+ 38. Rg3+ 1-0

[Event "I Torneo Villa de Madrid 2009"]
[Site "Madrid ESP"]
[Date "2009.12.13"]
[Round "8.1"]
[White "Sanchez Gonzalez, Sergio"]
[Black "Hernandez Carmenates, Holden"]
[Result "0-1"]
[PlyCount "121"]
[EventDate "2009.12.12"]
[EventType "swiss (rapid)"]
[EventRounds "8"]
[EventCountry "ESP"]
[Source "lmi"]
[SourceDate "2009.12.12"]
[WhiteElo "2322"]
[BlackElo "2564"]

1. c4 Nf6 2. Nc3 e5 3. Nf3 Nc6 4. e3 Bb4 5. Qc2 O-O 6. Be2 Re8 7. O-O e4 8. Ne1
Bxc3 9. bxc3 d5 10. cxd5 Qxd5 11. f3 Bf5 12. fxe4 Bxe4 13. d3 Bg6 14. e4 Qe6
15. Qb3 Na5 16. Qxe6 Rxe6 17. Nf3 c5 18. Be3 b6 19. Nh4 c4 20. Nxg6 hxg6 21.
Bd4 cxd3 22. Bxd3 Nxe4 23. Rae1 Rae8 24. Re3 Nc5 25. Rxe6 Nxe6 26. Kf2 Rc8 27.
Ba6 Rc7 28. Ke3 Kf8 29. Kd3 Nc5+ 30. Bxc5+ Rxc5 31. Rf4 Nc6 32. Kc2 Ke7 33. a4
g5 34. Re4+ Ne5 35. Bb5 f5 36. Rd4 g4 37. c4 g5 38. g3 Rc8 39. Kc3 Rd8 40. Rxd8
Kxd8 41. Kd4 Nf3+ 42. Kd5 Nxh2 43. Ke5 f4 44. gxf4 g3 45. Bc6 g4 46. Bh1 Nf3+
47. Kf5 g2 48. Bxg2 Nh4+ 49. Kxg4 Nxg2 50. Kf3 Ne1+ 51. Ke4 Kd7 52. f5 Kd6 53.
f6 Ke6 54. f7 Kxf7 55. Kd5 Nd3 56. Kc6 Ke6 57. Kb7 Kd6 58. Kxa7 Kc6 59. Ka6
Nc5+ 60. Ka7 Nxa4 61. c5 0-1

[Event "I Torneo Villa de Madrid 2009"]
[Site "Madrid ESP"]
[Date "2009.12.13"]
[Round "8.2"]
[White "Barria Zuñiga, Daniel"]
[Black "Almagro Llamas, Pablo"]
[Result "1/2-1/2"]
[PlyCount "123"]
[EventDate "2009.12.12"]
[EventType "swiss (rapid)"]
[EventRounds "8"]
[EventCountry "ESP"]
[Source "lmi"]
[SourceDate "2009.12.12"]
[WhiteElo "2429"]
[BlackElo "2453"]

1. e4 c6 2. d4 d5 3. Nc3 dxe4 4. Nxe4 Bf5 5. Ng3 Bg6 6. h4 h6 7. Nf3 Nf6 8. h5
Bh7 9. Bd3 Bxd3 10. Qxd3 e6 11. Bd2 Nbd7 12. O-O-O Be7 13. Kb1 O-O 14. Qe2 c5
15. Bc1 Qb6 16. Ne4 Nxe4 17. Qxe4 Nf6 18. Qd3 Rfd8 19. Qb3 Qxb3 20. axb3 cxd4
21. Rxd4 Bc5 22. Rc4 Bxf2 23. g4 Rac8 24. g5 hxg5 25. Bxg5 Rxc4 26. bxc4 Rd7
27. h6 Nh7 28. Bc1 gxh6 29. Ne5 Rc7 30. Ng4 Bd4 31. Rd1 Bf6 32. b3 h5 33. Nxf6+
Nxf6 34. Bb2 Ng4 35. Rd8+ Kh7 36. Rh8+ Kg6 37. Rg8+ Kh6 38. Bc1+ Kh7 39. Rg5 f6
40. Rxh5+ Kg6 41. Rh8 e5 42. Kb2 e4 43. Re8 Kf5 44. Kc3 Rd7 45. b4 Rd1 46. Bd2
Ne5 47. Be3 a6 48. b5 axb5 49. cxb5 Rd7 50. Kb4 Kg4 51. c4 Kf3 52. Ba7 Nd3+ 53.
Ka5 f5 54. c5 f4 55. Kb6 e3 56. c6 bxc6 57. bxc6 Rd6 58. Bb8 Rf6 59. Kb5 Rxc6
60. Kxc6 e2 61. Rxe2 Kxe2 62. Bxf4 1/2-1/2

[Event "I Torneo Villa de Madrid 2009"]
[Site "Madrid ESP"]
[Date "2009.12.13"]
[Round "8.3"]
[White "Taboas Rodriguez, Daniel"]
[Black "Roa Alonso, Santiago"]
[Result "1/2-1/2"]
[PlyCount "84"]
[EventDate "2009.12.12"]
[EventType "swiss (rapid)"]
[EventRounds "8"]
[EventCountry "ESP"]
[Source "lmi"]
[SourceDate "2009.12.12"]
[WhiteElo "2359"]
[BlackElo "2412"]

1. d4 d5 2. c4 e6 3. Nc3 Nf6 4. Bg5 Be7 5. e3 h6 6. Bh4 O-O 7. Nf3 b6 8. Be2
Bb7 9. Bxf6 Bxf6 10. cxd5 exd5 11. b4 c6 12. O-O a5 13. b5 c5 14. Ne5 Bxe5 15.
dxe5 d4 16. exd4 cxd4 17. Na4 Qg5 18. Bf3 Bxf3 19. Qxf3 Nd7 20. Qd5 Rad8 21. f4
Qf5 22. Qf3 Qc2 23. Qb3 Rc8 24. Rad1 Qc4 25. Rd3 Qxb3 26. axb3 Nc5 27. Rxd4
Nxb3 28. Rd6 Rc4 29. Nxb6 Rb4 30. Nd7 Ra8 31. Nb6 Rf8 32. Rd5 Rb8 33. Rd6 Rxb5
34. Nd7 R8b7 35. f5 Nc5 36. e6 fxe6 37. Nxc5 Rxc5 38. fxe6 Re5 39. Rd8+ Kh7 40.
Rd7 Rxd7 41. exd7 Rd5 42. Ra1 Rxd7 1/2-1/2